LIBRARY & INFORMATION CENTRE, KCAET, TAVANUR

ONLINE PUBLIC ACCESS CATALOGUE (OPAC)

History and culture of the Indian people : The classical age / (Record no. 259)

MARC details
000 -LEADER
fixed length control field 00420cam a2200157ua 4500
041 ## - LANGUAGE CODE
Language code of text/sound track or separate title eng
082 ## - DEWEY DECIMAL CLASSIFICATION NUMBER
Classification number 954.01
Item number MAJ/HI
100 ## - MAIN ENTRY--AUTHOR NAME
Personal name Majumdar, R C.
245 00 - TITLE STATEMENT
Title History and culture of the Indian people : The classical age /
250 ## - EDITION STATEMENT
Edition statement 1 /
260 ## - PUBLICATION, DISTRIBUTION, ETC. (IMPRINT)
Place of publication Mumbai :
Name of publisher Bharatiya Vidya Bhavan ,
Year of publication 1962.
300 ## - PHYSICAL DESCRIPTION
Number of Pages 758 ; .
942 ## - ADDED ENTRY ELEMENTS (KOHA)
Koha item type Books
Holdings
Withdrawn status Lost status Damaged status Home library Current library Date acquired Full call number Accession Number Koha item type Public note
Withdrawn     KAUAET KAUAET 07/04/2012 954.01 3412 Books Deleted
free website counter